000 00413nam a22001697a 4500
005 20180618105950.0
008 160511b xxu||||| |||| 00| 0 eng d
020 _a81-203-1921-4
041 _aeng
082 _b1298
_a657.45
100 _aKumar Ravinder
_94377
245 _aPractical Anditing
260 _aNew Delhi
_bPrentice hall of India,
_c2001
300 _a623
650 _aManagement
_9241
942 _cBK
999 _c563
_d563